01392nam a2200337 a 4500001001100000003000800011006001900019007001500038008004100053010001700094020002200111020002200133040002100155035002100176050002800197082001400225100005200239245016500291260004400456300001600500500006500516504006000581533015200641650003800793650001700831650002000848655002900868710001700897856012500914999001501039ebr5001593CaPaEBRm u cr cn|||||||||940225r19941952enk sb 001 0 eng  z 94008493  z0415051746 (hbk.) z0415107377 (pbk.) aCaPaEBRcCaPaEBR a(OCoLC)22803980614aBF175.5.O24bF34 1994eb04a155.22201 aFairbairn, W. Ronald D.q(William Ronald Dodds)10aPsychoanalytic studies of the personalityh[electronic resource] /cW.R.D. Fairbairn ; with a new introduction by David E. Scharff and EllinorFairbairn Birtles. aLondon ;aNew York :bRoutledge,c1994. axxi, 312 p. aOriginally published: London : Tavistock Publications, 1952. aIncludes bibliographical references (p. 297) and index. aElectronic reproduction.bPalo Alto, Calif. :cebrary,d2013.nAvailable via World Wide Web.nAccess may be limited to ebrary affiliated libraries. 0aObject relations (Psychoanalysis) 0aPersonality. 0aPsychoanalysis. 7aElectronic books.2local2 aebrary, Inc.40uhttp://site.ebrary.com/lib/rucke/Doc?id=5001593zAn electronic book accessible through the World Wide Web; click to view c1241d1241